| 000 | 02143nam0a2200373 4500 | ||
|---|---|---|---|
| 001 | RU\NLR\BIBL_A\011915640 | ||
| 005 | 20250626151329.0 | ||
| 020 |
_aRU _b[5917] _9Сводный каталог листовок первых лет Советской власти (25 октября (7 ноября) 1917 - 1925). Листовки партийных, советских, военных, профсоюзных, комсомольских и других организаций Украинской ССР, Белорусской ССР, Закавказских и Среднеазиатских Pеспублик |
||
| 035 | _a(NLR Aleph) 011915640 | ||
| 090 |
_a10961596 _c10961596 |
||
| 100 | _a20171207d1922 |||y0rusy50 ca | ||
| 101 | 0 | _arus | |
| 102 | _aRU | ||
| 105 | _ay z 000zy | ||
| 135 | _acrcn 024apada | ||
| 200 | 1 |
_aЧума - страшная болезнь _e[листовка] _fРСФСР, Наркомздрав., Полторацкий головной эвакопункт, Отд. сан. просвещения |
|
| 210 |
_aМерв _cТип. Райсовнархоза _d[1922] |
||
| 215 |
_a1 с. в 2 стб. _d40х31 |
||
| 300 | _aГод изд. установлен по дате поступления обяз. экз. ГПБ | ||
| 325 | 1 | _aКопия доступна в Электронной библиотеке РНБ | |
| 607 |
_aРСФСР _jЛистовки _xПолитика и управление _y1917 - 1925 _92312782 _3RU\NLR\auth\6601609564 |
||
| 607 |
_aТуркмения _jЛистовки _xИстория _z20 в. _92419920 _3RU\NLR\AUTH\661441205 |
||
| 686 | 0 | _aТ3(2)71-313,011 | |
| 686 | 0 | _aТ3(2Ту)713-31,011 | |
| 712 | 0 | 2 |
_4570 _aПолторацкий уездный эвакуационный пункт _9654618 _3RU\NLR\AUTH\880497395 |
| 852 |
_aNLR _bФЛ _j58/32 |
||
| 942 | _cBOOK | ||
| 980 | _aNB | ||
| 981 | 2 | 1 |
_a(21) Листовки _b(21) Листовки 1922 года |